01340cam a2200337 a 45000010009000000050017000090080041000260100017000670200031000840200028001150350024001430350021001670400037001880500023002250820021002481000030002692450118002992500031004172600063004483000036005115000020005475040064005676500052006316500027006836500026007107000050007367000054007869420012008409990017008529520133008691516503020080806165343.0080201s2009 njua b 001 0 eng  a 2008005071 a9780130348357 (alk. paper) a013034835X (alk. paper) a(OCoLC)ocn192050026 a(OCoLC)192050026 aDLCcDLCdYDXdBAKERdYDXCPdDLC00aQA76.5b.K578 200900a004.029222bKOB1 aKobayashi, Hisashi.9376010aSystem modeling and analysis :bfoundations of system performance evaluation /cHisashi Kobayashi, Brian L. Mark. a1st ed.bInternational ed. aUpper Saddle River, N.J. :bPearson Prentice Hall,cc2009. axviii, 782 p. :bill. ;c25 cm. aIncludes Index. aIncludes bibliographical references (p. 730-760) and index. 0aElectronic digital computersxEvaluation.93761 0aSystem analysis.93762 0aQueuing theory.937631 aMark, Brian L.q(Brian Lai-bue),d1969-937641 aKobayashi, Hisashi.tModeling and analysis.93765 2ddccBB c11317d11317 00102ddc40708BaccahaMAINbMAINcLOWd2009-04-15epurchaseg256.00h7073l0o004.029 KOBp000015949r2025-07-15 00:00:00yBB